Bi kịch cổ điển Pháp
Сохранить в:
| Главный автор: | |
|---|---|
| Формат: | |
| Язык: | Undetermined |
| Опубликовано: |
Hà Nội
Văn Hóa
1978
|
| Предметы: | |
| Метки: |
Добавить метку
Нет меток, Требуется 1-ая метка записи!
|
| Thư viện lưu trữ: | Trung tâm Học liệu Trường Đại học Cần Thơ |
|---|
| LEADER | 00629nam a2200193Ia 4500 | ||
|---|---|---|---|
| 001 | CTU_32801 | ||
| 008 | 210402s9999 xx 000 0 und d | ||
| 082 | |a 842 | ||
| 082 | |b B300 | ||
| 100 | |a Bi kịch cổ điển Pháp | ||
| 245 | 0 | |a Bi kịch cổ điển Pháp | |
| 245 | 0 | |c Dịch giả: Hoàng Hữu Đản, Vũ Đình Liên, Hoàng Lý | |
| 260 | |a Hà Nội | ||
| 260 | |b Văn Hóa | ||
| 260 | |c 1978 | ||
| 526 | |a Tiến trình văn học | ||
| 526 | |b SP531 | ||
| 650 | |a french literature - history abd criticism%french drama | ||
| 980 | |a Trung tâm Học liệu Trường Đại học Cần Thơ | ||